<?xml version="1.0" encoding="UTF-8"?>
<marc:record xmlns:marc="http://www.loc.gov/MARC21/slim">
   <marc:leader>00000nam a2200000 a 4500</marc:leader>
   <marc:datafield ind1="0" ind2="0" tag="245">
      <marc:subfield code="a">Weit. Die Geschichte von einem Weg um die Welt</marc:subfield>
   </marc:datafield>
   <marc:datafield ind1=" " ind2="1" tag="264">
      <marc:subfield code="c">2018</marc:subfield>
   </marc:datafield>
   <marc:datafield ind1="1" ind2=" " tag="520">
      <marc:subfield code="a">50.000 Kilometer per Anhalter, über die Ozeane mit dem Schiff und Nachwuchs in Mexiko. "WEIT. Die Geschichte von einem Weg um die Welt" ist ein bunter und besonders authentischer Film über die außergewöhnliche Reise eines jungen Paares, das in den Osten loszog, um dreieinhalb Jahre später zu dritt aus dem Westen wieder nach Hause zu kehren. Ohne zu fliegen und mit einem kleinen Budget in der Tasche erkunden sie die Welt, stets von Neugierde und Spontanität begleitet.</marc:subfield>
   </marc:datafield>
   <marc:datafield ind1=" " ind2=" " tag="020">
      <marc:subfield code="a">7293895202298</marc:subfield>
      <marc:subfield code="9">7293895202298</marc:subfield>
   </marc:datafield>
   <marc:datafield ind1=" " ind2=" " tag="041">
      <marc:subfield code="a">ger</marc:subfield>
   </marc:datafield>
   <marc:datafield ind1=" " ind2=" " tag="300">
      <marc:subfield code="a">1 DVD</marc:subfield>
   </marc:datafield>
</marc:record>
